Progressive journalists of the five continents, wield your powerful revolutionary pen and sternly condemn U.S. imperialism : (Record no. 27324)
[ view plain ]
| 000 -LEADER | |
|---|---|
| fixed length control field | 00891nam a22002177a 4500 |
| 001 - CONTROL NUMBER | |
| control field | 27324 |
| 003 - CONTROL NUMBER IDENTIFIER | |
| rucl marc code | BD-RjUL |
| 005 - DATE AND TIME OF LATEST TRANSACTION | |
| control field | 20211209051135.0 |
| 008 - FIXED-LENGTH DATA ELEMENTS--GENERAL INFORMATION | |
| fixed length control field | 140325s1969 kn c 000 0 eng d |
| 035 ## - SYSTEM CONTROL NUMBER | |
| System control number | (BD-RjUL)27397 |
| 040 ## - CATALOGING SOURCE | |
| Original cataloging agency | BD-RjUL |
| Language of cataloging | eng |
| Transcribing agency | BD-RjUL |
| 041 ## - LANGUAGE CODE | |
| Language code of text/sound track or separate title | eng |
| 082 ## - DEWEY DECIMAL CLASSIFICATION NUMBER | |
| Classification number | 951.93 |
| Author mark and year | ILP 1969 |
| 100 1# - MAIN ENTRY--PERSONAL NAME | |
| Personal name | Il-sŏng, Kim. |
| 9 (RLIN) | 83905 |
| 245 ## - TITLE STATEMENT | |
| Title | Progressive journalists of the five continents, wield your powerful revolutionary pen and sternly condemn U.S. imperialism : |
| Remainder of title | congratulatory speech made at the International Conference on the Tasks of Journalists of the Whole World in Their Fight against the Aggression of U.S. Imperialism, September 18, 1969 / |
| Statement of responsibility, etc. | by Kim Il-sŏng. |
| 260 ## - PUBLICATION, DISTRIBUTION, ETC. (IMPRINT) | |
| Place of publication, distribution, etc. | Korea : |
| Name of publisher, distributor, etc. | Foreign Languages Publishing, |
| Date of publication, distribution, etc. | 1969. |
| 300 ## - PHYSICAL DESCRIPTION | |
| Pagination | 19 p. : |
| Illustrations | Port. ; |
| Size | 19 cm. |
| 600 #0 - SUBJECT ADDED ENTRY--PERSONAL NAME | |
| Personal name | Il-sŏng, Kim |
| 650 #0 - SUBJECT ADDED ENTRY--TOPICAL TERM | |
| Topical term or geographic name as entry element | Journalism, Communist |
| 9 (RLIN) | 83907 |
| 942 ## - ADDED ENTRY ELEMENTS (KOHA) | |
| Source of classification or shelving scheme | Dewey Decimal Classification |
| Koha item type | Books |
| Lost status | Source of classification or shelving scheme | Damaged status | Not for loan | Collection code | Permanent Location | Current Location | Shelving location | Date acquired | Total Checkouts | Full call number | Date last seen | Copy number | Koha item type |
|---|---|---|---|---|---|---|---|---|---|---|---|---|---|
| Dewey Decimal Classification | Added to bundle | Non-fiction | Central Library, University of Rajshahi | Central Library, University of Rajshahi | Reading Room | 23/06/1987 | 951.93 ILP 1969 | 25/03/2014 | C-1 | Books |